| 000 | 00484nam a2200157Ia 4500 | ||
|---|---|---|---|
| 008 | 210716s9999 xx 000 0 und d | ||
| 020 | _a9789351509127 | ||
| 041 | _aeng | ||
| 082 | _a658.3145 GUPG | ||
| 100 | _aGupta, G P Das. | ||
| 245 |
_aMaintaining industrial discipline: answers to 50 frequently asked questions. _bAnswers to 50 frequently asked questions. |
||
| 250 | _a1 | ||
| 260 |
_aNew Delhi _bSage Publications |
||
| 300 | _a210 | ||
| 650 | _aHuman Resource Development | ||
| 999 |
_c211512 _d211512 |
||